000
00334nam a22001457a 4500
008
231127b ||||| |||| 00| 0 eng d
020
_a
026211142X
041
_a
eng
080
_a
573
082
_a
573KUP
100
_a
16
101
_a
BIOLO
245
_a
INFROMATION AND THE ORIGIN OF LIFE
_c
BERND OLAF KUPPERS
942
_2
udc
_c
BK
999
_c
60540
_d
60540